000 00504nas a22001337a 4500
999 _c1290
_d1290
008 130327t20009999ag ||||| |||| 00| 0 spa d
245 _aRP
260 _aNeuquen,
_bColegio Medico de Neuquen:
_c2000
300 _av. :
546 _aespañol
590 _aExistencias: 2000 2(11-14); 2001 3(15-18); 2002 5(19-22); 2003 5(23-26); 2004 7(27) 8(28-30); 2006 9(35) 10(36-38); 2007 10(39,41,42); 2008 11(43-46); 2009 11(47) 13(49) Año 2000 al 2009 BAJA EN DEPOSITO
650 _aSALUD
_91975
942 _2ddc
_cCR